Language Quiz

Random Language Quiz

La rutina diaria Quiz Stats

 Plays Quiz not verified by Sporcle

Also try: Body Language
Challenge
Share
Tweet
Embed
Score 0/10 Timer 10:00
0 Plays Today
Hint Answer % Correct
I get upme levanto
77%
I wake upme despierto
65.7%
we sit downnos sentamos
65.7%
we stretchnos estiramos
64%
he gets upél se levanta
60.7%
she looks at herself in the mirrorella se mira en el espejo
59%
you (tú) wash your facete lavas la cara
57.9%
you (tú) brush your teethte cepillas los dientes
54.5%
they sit downellos se sientan
54.5%
you guys comb your hairustedes se peinan
50%

You're not logged in!

Compare scores with friends on all Sporcle quizzes.
OR
Log In

You Might Also Like...

Show Comments

Extras

Created Jan 6, 2015ReportNominate
Tags:pronoun, reflexive, verb

Top Quizzes Today


Score Distribution

Your Account Isn't Verified!

In order to create a playlist on Sporcle, you need to verify the email address you used during registration. Go to your Sporcle Settings to finish the process.

Report this User

Report this user for behavior that violates our Community Guidelines.

Details: